000 00500cam a2200193 4500
001 D1305
008 090401t1980 xxu||||| |||| 00| 0 eng d
035 _a(Sirsi) u97615
041 _aeng
050 _a696
100 _aBarton, P.K.
245 _aServices co-ordination on building sites
260 _aAscot, Berks
_bThe Chartered Institute of Buildings
_c1980
300 _a4p. 30cm
350 _a0
490 _aSite Management Information Service
_v83
942 _n0
948 _c04/03/1997
999 _c98966
_d98966